Ανάλυση δεδομένων με το SPSS 14.0 for Windows
Αποθηκεύτηκε σε:
| Κύριος συγγραφέας: | |
|---|---|
| Μορφή: | Βιβλίο |
| Γλώσσα: | Greek |
| Δημοσίευση: |
Αθήνα :
Παπαζήσης,
2006.
|
| Θέματα: | |
| Ετικέτες: |
Προσθήκη ετικέτας
Δεν υπάρχουν, Καταχωρήστε ετικέτα πρώτοι!
|
MARC
| LEADER | 00000cam a2200000 i 4500 | ||
|---|---|---|---|
| 001 | 1/65186 | ||
| 008 | 071129s2006 gr | ||| |||| ||gre|| | ||
| 020 | |a 9600219699 | ||
| 035 | |l 10092670 | ||
| 040 | |a GR-MyUa |b gre |e AACR2 | ||
| 041 | 0 | |a gre | |
| 082 | 7 | |a 005.55 |2 (22) | |
| 100 | 1 | |a Γναρδέλλης, Χαράλαμπος. | |
| 245 | 1 | 0 | |a Ανάλυση δεδομένων με το SPSS 14.0 for Windows / |c Χαράλαμπος Γναρδέλλης. |
| 260 | |a Αθήνα : |b Παπαζήσης, |c 2006. | ||
| 300 | |a 647 σ. : |b εικ. ; |c 24 εκ. | ||
| 504 | |a Περιέχει βιβλιογραφικές παραπομπές (σ. [637]-639) και ευρετήριο. | ||
| 630 | 0 | 0 | |a SPSS (Computer file) |
| 630 | 0 | 0 | |a SPSS for Windows. |
| 650 | 0 | |a Social sciences |x Statistical methods |x Computer programs. | |
| 852 | |a INST |b CHIOS |e 20080227 |h 005.55 ΓΝΑ |p 005200027724 |q 005200027724 |t BK |y 0 | ||
| 852 | |a INST |b CHIOS |e 20100921 |h 005.55 ΓΝΑ |p 005200031798 |q 005200031798 |t BK |y 0 | ||
| 852 | |a INST |b CHIOS |e 20100819 |h 005.55 ΓΝΑ |p 005200032079 |q 005200032079 |t BK |y 0 | ||
| 852 | |a INST |b CHIOS |e 20111221 |h 005.55 ΓΝΑ |p 005200033201 |q 005200033201 |t BK |y 0 | ||
| 852 | |a INST |b CHIOS |e 20120706 |h 005.55 ΓΝΑ |p 005200035676 |q 005200035676 |t BK |y 0 | ||
| 852 | |a INST |b LESVOS |e 20071221 |h 005.55 ΓΝΑ |p 005100038996 |q 005100038996 |t BK |y 0 | ||
| 852 | |a INST |b LESVOS |e 20111124 |h 005.55 ΓΝΑ |p 005100050942 |q 005100050942 |t BK |y 0 | ||
| 852 | |a INST |b RHODES |e 20130715 |h 005.55 ΓΝΑ |p 005400035446 |q 005400035446 |t BK |y 0 | ||
| 852 | |a INST |b SAMOS |e 20071129 |h 005.55 ΓΝΑ |p 005300027666 |q 005300027666 |t BK |y 23 | ||
| 852 | |a INST |b SAMOS |e 20071129 |h 005.55 ΓΝΑ |p 005300027667 |q 005300027667 |t BK |y 0 | ||
| 852 | |a INST |b SAMOS |e 20071129 |h 005.55 ΓΝΑ |p 005300027668 |q 005300027668 |t BK |y 0 | ||
| 852 | |a INST |b SAMOS |e 20071129 |h 005.55 ΓΝΑ |p 005300027669 |q 005300027669 |t BK |y 0 | ||
| 852 | |a INST |b SAMOS |e 20071129 |h 005.55 ΓΝΑ |p 005300027670 |q 005300027670 |t BK |y 0 | ||
| 901 | |a BIBL3-2007-3 | ||
| 901 | |a BIBL1-2007-3 | ||
| 901 | |a BIBL2-2010-2 | ||
| 901 | |a BIBL2-2008-1 | ||
| 901 | |a BIBL2-2010-3 | ||
| 901 | |a BIBL1-2011-3 | ||
| 901 | |a BIBL2-2011-3 | ||
| 901 | |a BIBL2-2012-2 | ||
| 901 | |a BIBL4-2013-2 | ||
| 920 | |a ΕΥΔΟΞΟΣ |y Χίος |z 2011-12 | ||
| 922 | |a 2ΕΛΗ |b 200802 |c ΕΠΕΑΕΚ2/ΤΜΟΔ |d Σ. ΠΑΤΑΚΗΣ | ||
| 970 | |a ΡΟΥΣΣΟΥ |b ΚΩΝΣΤΑΝΤΙΝΑ |z 2007/11/29 | ||